| 000 | 02830nam a2200325Ia 4500 | ||
|---|---|---|---|
| 999 |
_c54790 _d54790 |
||
| 001 | 21858 | ||
| 003 | GE_BSU | ||
| 005 | 20220614162903.0 | ||
| 008 | 181216s2008||||ge |||||||||||||| ||geo|| | ||
| 020 | _a9781847102348 | ||
| 040 | _cGE_BSU | ||
| 041 | _ageo | ||
| 080 | _a657.15 ფ-59 | ||
| 245 |
_aფინანსური აღრიცხვა : _bწიგნი F3 (INT) სრული ტექსტი / _cწიგნის თარგმანზე და გამოცემაზე მუშაობდნენ : პროექტის ხელმძღ. ლავრენტი ჭუმბურიძე ; მთარგმნელი მარინა რევაზიშვილი ; რედ. : ნადეჟდა კვატაშიძე, ანჟელი ხორავა, მანანა გველესიანი. |
||
| 264 |
_aთბილისი : _bშპს ''დანი'', _c2008. |
||
| 300 |
_a432 გვ : _bცხრ., _c29 სმ. |
||
| 490 | _aACCA ინგლისისა და უელის ნაფიც სერტიფიცირენულ ბუღალტერთა ასოციაცია | ||
| 500 | _aწიგნი თარგმნილი და გამოცემულია საქართველოს პროფესიონალ ბუღალტერთა და აუდიტორთა ფედერაციის (ბაფი)მიერ | ||
| 501 | _aგამოყენებული ტერმინების ქართულ-ინგლისური ლექსიკონი გვ. 422-431. აბრევიატურათა განმარტება გვ. 432 | ||
| 520 | _aამ წიგნის გამოცემა განხორციელდა ევრაზიის თანამშრომლობის ფონდის მხარდაჭერით შვედეთის საერთაშორისო განვითარების სააგენტოს (SIDA)სახსრებიდან | ||
| 541 | _h29ლ.50თ. | ||
| 653 | _aბუღალტერია | ||
| 653 | _aფინანსური აღრიცხვა | ||
| 700 |
_aჭუმბურიძე, ლავრენტი _eპროექტის ხელ-ლი _913180 |
||
| 700 |
_aრევაზიშვილი, მარინა _eმთარგმნელი _913181 |
||
| 700 |
_aკვატაშიძე, ნადეჟდა _eრედაქტორი _913182 |
||
| 700 |
_aხორავა, ანჟელი _eრედაქტორი _913183 |
||
| 700 |
_aგველესიანი, მანანა _eრედაქტორი _97244 |
||
| 942 |
_cBK _2udc |
||